<?xml version="1.0" encoding="UTF-8"?><?xml-stylesheet type="text/xsl" href="static/style.xsl"?><OAI-PMH xmlns="http://www.openarchives.org/OAI/2.0/" xmlns:xsi="http://www.w3.org/2001/XMLSchema-instance" xsi:schemaLocation="http://www.openarchives.org/OAI/2.0/ http://www.openarchives.org/OAI/2.0/OAI-PMH.xsd"><responseDate>2026-06-05T12:28:04Z</responseDate><request verb="GetRecord" identifier="oai:riuma.uma.es:10630/45594" metadataPrefix="marc">https://riuma.uma.es/rest/oai/request</request><GetRecord><record><header><identifier>oai:riuma.uma.es:10630/45594</identifier><datestamp>2026-02-21T00:47:01Z</datestamp><setSpec>com_10630_2254</setSpec><setSpec>col_10630_37953</setSpec></header><metadata><record xmlns="http://www.loc.gov/MARC21/slim" xmlns:dcterms="http://purl.org/dc/terms/" xmlns:doc="http://www.lyncode.com/xoai" xmlns:xsi="http://www.w3.org/2001/XMLSchema-instance" xsi:schemaLocation="http://www.loc.gov/MARC21/slim http://www.loc.gov/standards/marcxml/schema/MARC21slim.xsd">
   <leader>00925njm 22002777a 4500</leader>
   <datafield ind2=" " ind1=" " tag="042">
      <subfield code="a">dc</subfield>
   </datafield>
   <datafield ind2=" " ind1=" " tag="720">
      <subfield code="a">Moral-Campillo, Luna</subfield>
      <subfield code="e">author</subfield>
   </datafield>
   <datafield ind2=" " ind1=" " tag="720">
      <subfield code="a">Reigal-Garrido, Rafael Enrique</subfield>
      <subfield code="e">author</subfield>
   </datafield>
   <datafield ind2=" " ind1=" " tag="720">
      <subfield code="a">Hernández-Mendo, Antonio</subfield>
      <subfield code="e">author</subfield>
   </datafield>
   <datafield ind2=" " ind1=" " tag="260">
      <subfield code="c">2020-01-01</subfield>
   </datafield>
   <datafield ind2=" " ind1=" " tag="520">
      <subfield code="a">El objetivo de este estudio fue analizar las diferencias existentes en diversas variables de funcionamiento cognitivo, psicosocial y condición física entre los grupos de preadolescentes en función de la cantidad de práctica física semanal que realizaban. La muestra estuvo compuesta por 149 participantes (113 niños), entre 10 y 13 años de edad (M= 11.60; DT= 0.49). Para analizar el funcionamiento cognitivo se utilizó el Test de atención D2, las pruebas de interferencia y senderos de la batería de Evaluación Neuropsicológica de las Funciones Ejecutivas en Niños (ENFEN) y las pruebas de búsqueda de símbolos y claves de la Escala de Inteligencia para niños WISC-IV. Los instrumentos utilizados para evaluar el funcionamiento psicosocial fueron el Cuestionario Autoconcepto Forma 5 (AF5) y la Escala de autoeficacia para niños (EAN). La condición física se evaluó a través del test de velocidad 5x10 metros, el test de Course Navette y el test de salto horizontal. Los resultados mostraron mejores puntuaciones en condición física (e.g., VO2máx= p &lt;.001; d’ Cohen= 0.85, 95% IC [0.51, 1.18]), funcionamiento cognitivo (e.g., Velocidad de procesamiento= p&lt;.05; d’ Cohen= 0.44, 95% IC [0.11, 0.77]) y psicosocial (e.g., autoconcepto físico= p&lt;.001; d’ Cohen= 0.69, 95% IC [0.35, 1.02]) en los participantes que realizaban mayor actividad física semanal. Estos resultados son congruentes con investigaciones previas y sugieren la necesidad de promocionar la práctica física entre los niños y adolescentes por sus implicaciones en la salud y el bienestar</subfield>
   </datafield>
   <datafield ind1="8" ind2=" " tag="024">
      <subfield code="a">Moral-Campillo, L., Reigal Garrido, R. E., &amp; Hernández Mendo, A. (2020). Actividad física, funcionamiento cognitivo y psicosocial en una muestra preadolescente. Revista de psicología del deporte, 29(1), 123-132.</subfield>
   </datafield>
   <datafield ind1="8" ind2=" " tag="024">
      <subfield code="a">1132–239X</subfield>
   </datafield>
   <datafield ind1="8" ind2=" " tag="024">
      <subfield code="a">https://ddd.uab.cat/record/216427</subfield>
   </datafield>
   <datafield ind1="8" ind2=" " tag="024">
      <subfield code="a">https://hdl.handle.net/10630/45594</subfield>
   </datafield>
   <datafield tag="653" ind2=" " ind1=" ">
      <subfield code="a">Ejercicio físico - Aspectos psicológicos</subfield>
   </datafield>
   <datafield ind2="0" ind1="0" tag="245">
      <subfield code="a">Actividad física, funcionamiento cognitivo y psicosocial en una muestra preadolescente</subfield>
   </datafield>
</record>
</metadata></record></GetRecord></OAI-PMH>